Histoire de la chevalerie en France au Moyen Age /
محفوظ في:
المؤلف الرئيسي:
التنسيق: كتاب
اللغة: French
منشور في:
Paris :
Richard-Masse,
[1949].
سلاسل:
Bibliothéque d'études historiques.
الموضوعات:
الوسوم: إضافة وسم
لا توجد وسوم, كن أول من يضع وسما على هذه التسجيلة!
رقم الطلب: CR4529 .F8 C64 1949
| LEADER | 00810nam a2200277u 4500 | ||
|---|---|---|---|
| 001 | 558 | ||
| 003 | OSt | ||
| 005 | 20251113120443.0 | ||
| 008 | 130303s1949 fr a b 000 0 fre d | ||
| 010 | |a 50024456 | ||
| 035 | |a rdb04049792 | ||
| 040 | |c ARCE Library | ||
| 043 | |a e-fr--- | ||
| 050 | 4 | |a CR4529 .F8 C64 1949 | |
| 100 | 1 | |a Cohen, Gustave, |d 1879-1958, |e author | |
| 245 | 1 | 0 | |a Histoire de la chevalerie en France au Moyen Age / |c Gustave Cohen. |
| 264 | 1 | |a Paris : |b Richard-Masse, |c [1949]. | |
| 300 | |a v, 225 pages : |b illustrations ; |c 23 cm. | ||
| 490 | 0 | |a Bibliothéque d'études historiques. | |
| 504 | |a Bibliography : pages [5]-8. | ||
| 650 | 0 | |a Chivalry. | |
| 650 | 0 | |a Knights and knighthood |z France. | |
| 650 | 0 | |a Civilization, Medieval. | |
| 901 | |a reviewed | ||
| 942 | |c BK |2 lcc | ||
| 999 | |c 1938 |d 1938 | ||
